| 000 | 00393nam a2200157Ia 4500 | ||
|---|---|---|---|
| 008 | 200103s9999||||xx |||||||||||||| ||und|| | ||
| 020 | _a9780071163255 | ||
| 040 | _aIMU-MPC | ||
| 082 | _aColumn-33 | ||
| 100 | _aKelly, S. Graham | ||
| 245 | 0 | _aFundamentals of Mechanical Vibrations | |
| 250 | _a2nd ed. | ||
| 260 |
_bMcGraw-Hill Book Company, Inc. _c2000 |
||
| 300 | _axi, 629 | ||
| 942 | _cBK | ||
| 999 |
_c7693 _d7693 |
||